Poľský trh - liečba šokom

Makroekonomické ukazovatele Poľska v súčasnosti. Rast maloobchodného predaja. Štruktúra maloobchodu v Poľsku. Kritériá výberu predajne podľa poľských spotrebiteľov. Hlavné dôvody poliakov pre nakupovanie v hypermarketoch.

Saved in:
Bibliographic Details
Main Author: Hinková-Dibarborová, Andrea
Format: Book Chapter
Language:Slovak
Subjects:
Tags: Add Tag
No Tags, Be the first to tag this record!

MARC

LEADER 00000naa a2200000 4500
001 r037995
005 20231003110948.2
041 0 |a slo 
044 |a SK 
245 1 0 |a Poľský trh - liečba šokom  |c Andrea Hinková 
520 |a Makroekonomické ukazovatele Poľska v súčasnosti. Rast maloobchodného predaja. Štruktúra maloobchodu v Poľsku. Kritériá výberu predajne podľa poľských spotrebiteľov. Hlavné dôvody poliakov pre nakupovanie v hypermarketoch. 
610 2 0 |a maloobchod 
610 2 0 |a Poľsko 
610 2 0 |a kritériá rozhodovania 
610 2 0 |a správanie spotrebiteľa 
610 2 0 |a výskum trhu 
610 2 0 |a predajne 
610 2 0 |a hypermarkety 
610 2 0 |a ukazovatele makroekonomické 
100 1 |a Hinková-Dibarborová, Andrea